| 000 | 01320nam a22002057a 4500 | ||
|---|---|---|---|
| 003 | NALT | ||
| 005 | 20241031090820.0 | ||
| 008 | s2535 th tha d | ||
| 040 | _aNALT | ||
| 041 | _atha | ||
| 050 |
_aHE 9873.55.T5 _bบ259ร 2535 |
||
| 100 | 0 |
_aบัณฑิต จันทร์โรจนกิจ _931892 |
|
| 245 | 1 | 0 |
_aรัฐวิสาหกิจในยุครัฐบาลอานันท์ ปันยารชุน (มีนาคม 2534 - เมษายน 2535) : _bบริษัทการบินไทย / _cบัณฑิต จันทร์โรจนกิจ. |
| 260 | 3 |
_a[กรุงเทพฯ] : _bโครงการสำนักวิจัยและวิเคราะห์งบประมาณฝ่ายนิติบัญญัติ สถาบันนโยบายศึกษาสมาคมสังคมศาสตร์แห่งประเทศไทย, _c2535. |
|
| 300 |
_a59 หน้า : _bตาราง ; _c28 ซม. |
||
| 610 | 2 | 4 |
_aบริษัท การบินไทย จำกัด (มหาชน) _91921 |
| 610 | 2 | 4 |
_aบริษัทการบินไทย จำกัด (มหาชน) _xการบริหาร _965037 |
| 850 | _aNALT | ||
| 942 |
_cGB _2lcc |
||
| 999 |
_c41051 _d41051 |
||
| 998 |
_j104 _k นางสาวสายฝน ดีงาม |
||